|
|
|
|
| LEADER |
00000nam0a2200000 4500 |
| 001 |
240653 |
| 005 |
20231101231746.0 |
| 010 |
|
|
|a 5247006593
|
| 035 |
|
|
|a (RuTPU)RU\TPU\book\261911
|
| 090 |
|
|
|a 240653
|
| 100 |
|
|
|a 20130624d1990 k y0rusy50 ca
|
| 101 |
0 |
|
|a rus
|
| 102 |
|
|
|a RU
|
| 105 |
|
|
|a a z 001zy
|
| 200 |
1 |
|
|a Охрана и ремонт горных выработок
|f К. В. Кошелев, Ю. А. Петренко, А. О. Новиков
|
| 210 |
|
|
|a Москва
|c Недра
|d 1990
|
| 215 |
|
|
|a 218 с.
|c ил.
|
| 320 |
|
|
|a Библиогр.: с. 216.
|
| 606 |
1 |
|
|a Горные выработки, капитальные
|2 stltpush
|3 (RuTPU)RU\TPU\subj\7786
|9 35333
|
| 610 |
1 |
|
|a физико-механические свойства
|
| 610 |
1 |
|
|a породный массив
|
| 610 |
1 |
|
|a породные обнажения
|
| 610 |
1 |
|
|a крепление
|
| 610 |
1 |
|
|a охрана
|
| 610 |
1 |
|
|a укрепление
|
| 610 |
1 |
|
|a ремонт
|
| 675 |
|
|
|a 622.268
|v 3
|
| 700 |
|
1 |
|a Кошелев
|b К. В.
|
| 701 |
|
1 |
|a Петренко
|b Ю. А.
|
| 701 |
|
1 |
|a Новиков
|b А. О.
|
| 801 |
|
1 |
|a RU
|b 63413507
|c 20130624
|
| 801 |
|
2 |
|a RU
|b 63413507
|c 20130910
|g RCR
|
| 942 |
|
|
|c BK
|